000 01187nam a2200325 a 4500
003 CHAP
005 20220817044411.0
008 101123s2007 mx 00010 spa d
010 _a99927
011 _a100899
020 _a9789680203833
035 _a111585
040 _cCHAP
090 _aCD-284
111 2 _aSeminario de Investigación XXII de los Programas de Doctorado; Integración Agricultura Industria, Nopal del CIESTAAM (
_d2007
_cChapingo, Méx.)
_9104063
245 1 0 _aMemoria [Disco compacto]
_c/coordinadores Rita Schwentesius Rindermann y Manuel Angel Gómez Cruz
260 _aChapingo, Méx. :
_bUACH, CIESTAAM,
_c2007
300 _a1 disco compacto ;
_c4 3/4 plgs.
590 _aBATCH-UPD
_b10
_c20130110
_lUCH01
_h1930
590 _aBATCH-UPD
_b10
_c20130410
_lUCH01
_h1254
590 _aBATCH-UPD
_b10
_c20130914
_lUCH01
_h1123
590 _aCONVERSION
_b10
_c20130109
_lUCH01
_h1355
650 0 4 _aAgricultura
_xAspectos económicos.
650 0 4 _aCultivos
_xRendimiento.
_930318
901 _aBK
911 _aen proceso
942 _cCD
949 _aCD-284
_bBC
_cCD
_d33724002221743
_eCD
_i111585
_sb
949 _aCD-284
_bBC
_cCD
_d33724002221785
_eCD
_fc.2
_i111585
_sb
999 _c99927
_d99927